Business & Society Environment & Responsibility (Record no. 4867)
[ view plain ]
| 000 -LEADER | |
|---|---|
| fixed length control field | 00692nam a2200229Ia 4500 |
| 003 - CONTROL NUMBER IDENTIFIER | |
| control field | BUBTL |
| 008 - FIXED-LENGTH DATA ELEMENTS--GENERAL INFORMATION | |
| fixed length control field | 151213s9999 xx 000 0 und d |
| 020 ## - INTERNATIONAL STANDARD BOOK NUMBER | |
| International Standard Book Number | 0-07-015524-0 |
| 082 ## - DEWEY DECIMAL CLASSIFICATION NUMBER | |
| Classification number | 658.4'08 |
| Item number | DAB |
| 100 ## - MAIN ENTRY--PERSONAL NAME | |
| Personal name | Keith Davis/Robert L.Blomstrom |
| 245 ## - TITLE STATEMENT | |
| Title | Business & Society Environment & Responsibility |
| Statement of responsibility, etc. | Keith Davis/Robert L.Blomstrom |
| 250 ## - EDITION STATEMENT | |
| Edition statement | 3rd |
| 260 ## - PUBLICATION, DISTRIBUTION, ETC. (IMPRINT) | |
| Place of publication, distribution, etc. | New York |
| Name of publisher, distributor, etc. | McGrawHill Book Company |
| Date of publication, distribution, etc. | 1975 |
| 300 ## - PHYSICAL DESCRIPTION | |
| Extent | [x] , 597p . : |
| Other physical details | ill , 22cm . |
| Dimensions | Business . |
| 500 ## - GENERAL NOTE | |
| General note | Includes Index . |
| 650 ## - SUBJECT ADDED ENTRY--TOPICAL TERM | |
| Topical term or geographic name as entry element | Business |
| 650 ## - SUBJECT ADDED ENTRY--TOPICAL TERM | |
| Topical term or geographic name as entry element | Business |
| 700 ## - ADDED ENTRY--PERSONAL NAME | |
| Personal name | Keith Davis/Robert L.Blomstrom |
| 856 ## - ELECTRONIC LOCATION AND ACCESS | |
| Password | 0 |
| Logon | 0 |
| Link text | Download |
| 942 ## - ADDED ENTRY ELEMENTS (KOHA) | |
| Source of classification or shelving scheme | |
| Koha item type | Books |
| Withdrawn status | Lost status | Source of classification or shelving scheme | Damaged status | Not for loan | Collection code | Permanent location | Current location | Shelving location | Date acquired | Inventory number | Total Checkouts | Full call number | Barcode | Date last seen | Copy number | Price effective from | Koha item type |
|---|---|---|---|---|---|---|---|---|---|---|---|---|---|---|---|---|---|
| Not For Loan | Non-fiction | Bangladesh University of Business and Technology Library | Bangladesh University of Business and Technology Library | Management Stacks | 01/21/2018 | 10613 | 658.4'08 DAB | BUBTL-200310613 | 01/21/2018 | C-1 | 01/21/2018 | Books | |||||
| Not For Loan | Non-fiction | Bangladesh University of Business and Technology Library | Bangladesh University of Business and Technology Library | Management Stacks | 01/21/2018 | 10614 | 658.4'08 DAB | BUBTL-200310614 | 01/21/2018 | C-2 | 01/21/2018 | Books | |||||
| Not For Loan | Non-fiction | Bangladesh University of Business and Technology Library | Bangladesh University of Business and Technology Library | Management Stacks | 01/21/2018 | 10615 | 658.4'08 DAB | BUBTL-200310615 | 01/21/2018 | C-3 | 01/21/2018 | Books | |||||
| Non-fiction | Bangladesh University of Business and Technology Library | Bangladesh University of Business and Technology Library | Management Stacks | 01/21/2018 | 10621 | 658.4'08 DAB | BUBTL-200310621 | 01/21/2018 | C-4 | 01/21/2018 | Books | ||||||
| Non-fiction | Bangladesh University of Business and Technology Library | Bangladesh University of Business and Technology Library | Management Stacks | 01/21/2018 | 10622 | 658.4'08 DAB | BUBTL-200310622 | 01/21/2018 | C-5 | 01/21/2018 | Books | ||||||
| Non-fiction | Bangladesh University of Business and Technology Library | Bangladesh University of Business and Technology Library | Management Stacks | 01/21/2018 | 10619 | 658.4'08 DAB | BUBTL-200310619 | 01/21/2018 | C-6 | 01/21/2018 | Books | ||||||
| Non-fiction | Bangladesh University of Business and Technology Library | Bangladesh University of Business and Technology Library | Management Stacks | 01/21/2018 | 10620 | 658.4'08 DAB | BUBTL-200310620 | 01/21/2018 | C-7 | 01/21/2018 | Books | ||||||
| Non-fiction | Bangladesh University of Business and Technology Library | Bangladesh University of Business and Technology Library | Management Stacks | 01/21/2018 | 10618 | 658.4'08 DAB | BUBTL-200310618 | 01/21/2018 | C-8 | 01/21/2018 | Books | ||||||
| Non-fiction | Bangladesh University of Business and Technology Library | Bangladesh University of Business and Technology Library | Management Stacks | 01/21/2018 | 10616 | 658.4'08 DAB | BUBTL-200310616 | 01/21/2018 | C-9 | 01/21/2018 | Books | ||||||
| Non-fiction | Bangladesh University of Business and Technology Library | Bangladesh University of Business and Technology Library | Management Stacks | 01/21/2018 | 10617 | 658.4'08 DAB | BUBTL-200310617 | 01/21/2018 | C-10 | 01/21/2018 | Books |
